000 01427nam1a22002411i 4500
001 rc\4730005
005 20260407121353.0
035 _a(NLR Aleph) 008732553
090 _a9485062
_c9485062
100 _a20130416g1968 |||y0rusy50 ca
101 0 _arus
102 _aRU
105 _a z |||||
200 1 _a[Материалы]
_eВып. 1-
_fЦентр. ордена Трудового Красного Знамени науч.-исслед. автомоб. и авторемонтный ин-т "НАМИ". Отд. науч.-техн. информации. Отраслевое науч.-техн. совещание "Повышение надежности и долговечности автомобилей и автомоб. двигателей". 18-20 окт. 1966 г.
210 _aМосква
_cБ. и.
_d1968-
215 _d20
606 _aАвтомобильные двигатели
_xНадежность
_jСборники
_2psbo
606 _aАвтомобили
_xНадежность
_jСборники
_2psbo
710 1 2 _a"Повышение надежности и долговечности автомобилей и автомобильных двигателей",отраслевое научно-техническое совещание.
_f1966
_eЗапорожье
_3RU\NLR\AUTH\8810069983
_9641603
801 0 _aRU
_bNLR
_gpsbo
801 1 _aRU
_bELAR
_2rusmarc
852 _aNLR
_j68-5/3682
942 _cBOOK